Estudios de transitorios en las líneas de distribución y coordinación de aislamiento

Tallennettuna:
Bibliografiset tiedot
Päätekijä: Esquivel P., Eric
Muut tekijät: Cotter M., John
Aineistotyyppi: Kirja
Julkaistu: San José, Costa Rica 1992
Aiheet:
Tagit: Lisää tagi
Ei tageja, Lisää ensimmäinen tagi!

MARC

LEADER 00000nam a2200000Ia 4500
003 005389
005 20221231144324.0
008 140114s1992 cr a m 000 ||s d
040 |c cru CEDI 
090 |a TFG 2570 
100 |a Esquivel P., Eric  |9 12543 
245 |a Estudios de transitorios en las líneas de distribución y coordinación de aislamiento 
260 |c 1992  |a San José, Costa Rica 
300 |a  vii, 37, [15] hojas : ilustraciones ; 27 cm.  
500 |a Proyecto de graduación (bachillerato en ingeniería eléctrica)--Universidad de Costa Rica. Facultad de Ingeniería. Escuela de Ingeniería Eléctrica 
650 |x COMPAÑIA NACIONAL DE FUERZA Y LUZ (COSTA RICA)   |x LINEAS ELECTRICAS   |x DISTRIBUCION DE ENERGIA ELECTRICA   |x ENERGIA ELECTRICA - COSTA RICA  |9 12545 
700 |9 12544  |a Cotter M., John 
942 |c TFG 
999 |c 20150  |d 20150